|
|
|
|
| LEADER |
00000naa2a2200000 4500 |
| 001 |
77851 |
| 005 |
20231031093455.0 |
| 035 |
|
|
|a (RuTPU)RU\TPU\book\83453
|
| 090 |
|
|
|a 77851
|
| 100 |
|
|
|a 20050531d2001 k y0rusy50 ca
|
| 101 |
0 |
|
|a rus
|
| 102 |
|
|
|a RU
|
| 200 |
1 |
|
|a Работа куратора студенческой группы - форма повышения квалификации преподавателя
|f Э. Н. Беломестнова, О. А. Никифорова
|
| 463 |
|
0 |
|0 (RuTPU)RU\TPU\book\25682
|t Воспитание личности на рубеже веков: взгляд из Сибири
|o Тезисы 2-й межвузовской научно-практической конференции, 20-21 февраля, 2001 г., Томск
|f ТПУ
|v С. 1-2.
|d 2001
|p 192 с.
|
| 610 |
1 |
|
|a студенческие группы
|
| 610 |
1 |
|
|a кураторы групп
|
| 610 |
1 |
|
|a квалификация
|
| 610 |
1 |
|
|a преподаватели высшей школы
|
| 610 |
1 |
|
|a личностно-ориентированное образование
|
| 610 |
1 |
|
|a педагогические семинары
|
| 610 |
1 |
|
|a труды учёных ТПУ
|
| 610 |
1 |
|
|a повышение
|
| 700 |
|
1 |
|a Беломестнова
|b Э. Н.
|c специалист в области инженерной педагогики
|c доцент Томского политехнического университета, кандидат технических наук
|f 1942-
|g Эмилия Николаевна
|2 stltpush
|3 (RuTPU)RU\TPU\pers\26827
|
| 701 |
|
1 |
|a Никифорова
|b О. А.
|c специалист в области социальной работы
|c руководитель Центра социальной работы Томского политехнического университета
|g Ольга Александровна
|2 stltpush
|3 (RuTPU)RU\TPU\pers\25943
|
| 801 |
|
1 |
|a RU
|b 63413507
|c 20050531
|g PSBO
|
| 801 |
|
2 |
|a RU
|b 63413507
|c 20161026
|g PSBO
|
| 942 |
|
|
|c BK
|